Global Review of Business and Economic Research (Record no. 46493)

MARC details
000 -LEADER
fixed length control field 00342nam a22001337a 4500
008 - FIXED-LENGTH DATA ELEMENTS--GENERAL INFORMATION
fixed length control field 250914b |||||||| |||| 00| 0 eng d
022 ## - INTERNATIONAL STANDARD SERIAL NUMBER
International Standard Serial Number 0973127X
041 ## - LANGUAGE CODE
Language code of text/sound track or separate title eng
245 ## - TITLE STATEMENT
Title Global Review of Business and Economic Research
260 ## - PUBLICATION, DISTRIBUTION, ETC.
Place of publication, distribution, etc. New Delhi
Name of publisher, distributor, etc. Serial Publications
300 ## - PHYSICAL DESCRIPTION
Extent 84: p.
650 ## - SUBJECT ADDED ENTRY--TOPICAL TERM
Topical term or geographic name entry element Economic : Business
942 ## - ADDED ENTRY ELEMENTS (KOHA)
Koha item type Serial
Holdings
Withdrawn status Lost status Source of classification or shelving scheme Damaged status Not for loan Home library Current library Date acquired Source of acquisition Serial Enumeration / chronology Total Checkouts Barcode Date last seen Price effective from Koha item type
    Dewey Decimal Classification     IMTN IMTN 09/14/2025 2025-09-14 Vol. 21, No. 1   P813 09/14/2025 09/14/2025 Serial
    Dewey Decimal Classification     IMTN IMTN 01/15/2026   Vol. 21, No. 2   P1152 01/15/2026 01/15/2026 Serial
Designed & Maintained by: LRC IMT Nagpur Contact: lrc@imtnag.ac.in© 2024. All Rights Reserved.